Eu não quero ser um sapo (Record no. 2042)
[ view plain ]
| 000 -Etiqueta do registo | |
|---|---|
| Valores | 00679nam a2200253 4500 |
| 010 ## - Número ISBN | |
| ISBN | 9789899221536 |
| 021 ## - Número do Depósito Legal | |
| Código do país | Portugal |
| Número | 544641/25 |
| 100 ## - Dados gerais de processamento | |
| Dados gerais | 20260210d2025 c||y0pory50030103ba |
| 101 ## - Língua de publicação | |
| Língua | Português |
| 102 ## - País de publicação | |
| País | Portugal |
| 200 ## - Titulo e menção de responsabilidade | |
| Título próprio | Eu não quero ser um sapo |
| Primeira menção de responsabilidade | texto Dev Petty |
| Outras menções de responsabilidade | il. Mike Boldt |
| 205 ## - Menção da edição | |
| Edição | 1ª edição |
| 210 ## - Publicação | |
| Local de publicação | Lisboa |
| Nome do editor | Jacarandá |
| Data de publicação | 2025 |
| 215 ## - Descrição física | |
| Paginação / Volumes | [28] p. |
| Outras indicações físicas | il. |
| Dimensões | 26 cm |
| 300 ## - Notas gerais | |
| Texto da nota | BMB-Registado |
| 304 ## - Nota relativa ao título | |
| Texto de nota | Tít. orig.: I don't want to be a frog |
| 606 ## - Nome comum usado como assunto | |
| ID Autoridade | 863 |
| Palavra de ordem | Literatura Infantil |
| 675 ## - CDU | |
| Notação | 087.5 |
| Edição | BMB |
| Língua | por |
| 700 ## - Autor principal (pessoa individual) | |
| Apelido | Petty |
| Nome | Dev |
| ID Autoridade | 2927 |
| 701 ## - Co-autor principal (pessoa individual) | |
| Apelido | Boldt |
| Nome | Mike |
| Função | Ilustrador |
| ID Autoridade | 2929 |
| 801 ## - Fonte de origem | |
| País | PT |
| Agência | BMB |
| Regras de catalogação | RPC |
| 990 ## - Elementos KOHA | |
| Tipo de documento | Livro |
| Situação do levantamento | Estado | Número | Biblioteca de origem | Código de barras | Cota | Permissão de empréstimo | Tipo de documento | Forma de aquisição |
|---|---|---|---|---|---|---|---|---|
| 1 | Biblioteca Municipal de Borba | 1992 | 087.5 PET / EU | Livro | Compra |